[Event "PMPM"]
[Site "Karpacz"]
[Date "2022.12.11"]
[Round "9.1"]
[White "Nasuta, Grzegorz"]
[Black "Hnydiuk, Aleksander"]
[Result "1-0"]
[BlackElo "2361"]
[WhiteElo "2546"]
[LiveChessVersion "1.4.8"]

1. e4 {[%clk 1:29:19]} c5 2. Nf3 {[%clk 1:29:01]} e6 {[%clk 1:28:40]} 3. d4
{[%clk 1:29:26]} cxd4 {[%clk 1:29:06]} 4. Nxd4 {[%clk 1:29:49]} Nc6
{[%clk 1:29:32]} 5. Nc3 {[%clk 1:30:09]} a6 {[%clk 1:29:57]} 6. a3
{[%clk 1:30:22]} d6 {[%clk 1:30:16]} 7. g4 {[%clk 1:29:16]} Nge7 {[%clk 1:24:15]}
8. Be3 {[%clk 1:28:09]} b5 {[%clk 1:24:25]} 9. g5 {[%clk 1:21:12]} Bb7
{[%clk 1:24:34]} 10. Rg1 {[%clk 1:17:37]} Nxd4 {[%clk 1:17:44]} 11. Qxd4
{[%clk 1:17:48]} Nc6 {[%clk 1:18:11]} 12. Qd2 {[%clk 1:17:58]} Ne5
{[%clk 1:18:21]} 13. Be2 {[%clk 1:18:14]} Rc8 {[%clk 1:17:24]} 14. f4
{[%clk 0:50:13]} Nc4 {[%clk 1:17:43]} 15. Bxc4 {[%clk 0:50:36]} Rxc4
{[%clk 1:18:09]} 16. Bd4 {[%clk 0:50:58]} Qa5 {[%clk 0:34:55]} 17. Qe3
{[%clk 0:36:18]} Rc6 {[%clk 0:20:49]} 18. O-O-O {[%clk 0:27:49]} b4
{[%clk 0:17:51]} 19. axb4 {[%clk 0:28:09]} Qxb4 {[%clk 0:18:08]} 20. Nd5
{[%clk 0:09:25]} Qa5 {[%clk 0:14:45]} 21. Kb1 {[%clk 0:08:27]} Rc8
{[%clk 0:14:04]} 22. Rd3 {[%clk 0:03:37]} exd5 {[%clk 0:05:33]} 23. exd5+
{[%clk 0:04:02]} Be7 {[%clk 0:04:08]} 24. Bxg7 {[%clk 0:04:25]} Rg8
{[%clk 0:04:14]} 25. Bf6 {[%clk 0:03:55]} Rc7 {[%clk 0:04:17]} 26. Re1
{[%clk 0:02:57]} Bxd5 {[%clk 0:03:52]} 27. Bxe7 {[%clk 0:01:06]} Kd7
{[%clk 0:01:43]} 28. Bxd6 {[%clk 0:00:52]} Qa2+ {[%clk 0:00:38]} 29. Kc1
{[%clk 0:01:22]} Kxd6 {[%clk 0:00:50]} 30. Qe5+ {[%clk 0:01:43]} Kc6
{[%clk 0:01:12]} 31. Ra3 {[%clk 0:01:11]} Qc4 {[%clk 0:00:57]} 32. Rc3
{[%clk 0:01:32]} Kb7 {[%clk 0:00:59]} 33. Rxc4 {[%clk 0:01:50]} Bxc4
{[%clk 0:01:27]} 34. Re3 {[%clk 0:01:25]} Rgc8 {[%clk 0:01:53]} 35. Rc3
{[%clk 0:01:37]} 1-0

[Event "PMPM"]
[Site "Karpacz"]
[Date "2022.12.11"]
[Round "9.2"]
[White "Nowak, Mikolaj"]
[Black "Wieczorek, Oskar"]
[Result "0-1"]
[BlackElo "2504"]
[WhiteElo "2395"]
[LiveChessVersion "1.4.8"]

1. d4 Nf6 {[%clk 1:24:42]} 2. Nf3 {[%clk 1:31:20]} e6 {[%clk 1:24:28]} 3. g3
{[%clk 1:31:40]} c5 {[%clk 1:24:44]} 4. Bg2 {[%clk 1:31:38]} cxd4
{[%clk 1:25:11]} 5. Nxd4 {[%clk 1:31:49]} d5 {[%clk 1:25:36]} 6. O-O
{[%clk 1:31:33]} e5 {[%clk 1:25:20]} 7. Nb3 {[%clk 1:29:13]} Be6 {[%clk 1:25:46]}
8. Nc3 {[%clk 1:25:33]} Be7 {[%clk 1:24:13]} 9. f4 {[%clk 1:25:48]} e4
{[%clk 1:12:44]} 10. Be3 {[%clk 1:23:10]} Ng4 {[%clk 1:09:01]} 11. Bd4
{[%clk 1:22:18]} f5 {[%clk 1:09:29]} 12. Bxg7 {[%clk 1:13:30]} Rg8
{[%clk 1:08:02]} 13. Bd4 {[%clk 1:13:49]} Nc6 {[%clk 1:07:13]} 14. Qd2
{[%clk 0:54:39]} h5 {[%clk 0:54:18]} 15. h3 {[%clk 0:36:21]} Nf6 {[%clk 0:50:53]}
16. Bf2 {[%clk 0:35:18]} h4 {[%clk 0:43:37]} 17. gxh4 {[%clk 0:34:58]} Kf7
{[%clk 0:36:09]} 18. e3 {[%clk 0:28:46]} Rg6 {[%clk 0:29:03]} 19. Kh2
{[%clk 0:27:00]} Qh8 {[%clk 0:25:55]} 20. Rh1 {[%clk 0:21:20]} Rag8
{[%clk 0:15:06]} 21. Rag1 {[%clk 0:21:42]} Ne5 {[%clk 0:00:51]} 22. fxe5
{[%clk 0:15:09]} Ng4+ {[%clk 0:01:19]} 23. hxg4 {[%clk 0:15:34]} Rxg4
{[%clk 0:01:43]} 24. Ne2 {[%clk 0:15:31]} Bxh4 {[%clk 0:01:48]} 25. Bh3
{[%clk 0:14:54]} Bxf2 {[%clk 0:01:10]} 26. Rxg4 {[%clk 0:14:26]} fxg4
{[%clk 0:01:37]} 27. Nf4 {[%clk 0:12:45]} Qh4 {[%clk 0:01:54]} 28. Rf1
{[%clk 0:12:59]} Qg3+ {[%clk 0:02:20]} 29. Kh1 {[%clk 0:13:17]} Qf3+
{[%clk 0:02:47]} 30. Ng2 {[%clk 0:12:58]} Qxh3# {[%clk 0:03:12]} 0-1

[Event "PMPM"]
[Site "Karpacz"]
[Date "2022.12.11"]
[Round "9.3"]
[White "Kosakowski, Jakub"]
[Black "Poltorak, Sebastian"]
[Result "0-1"]
[BlackElo "2377"]
[WhiteElo "2475"]
[LiveChessVersion "1.4.8"]

1. e4 {[%clk 1:29:00]} c5 {[%clk 1:30:44]} 2. Nf3 {[%clk 1:29:19]} Nc6
{[%clk 1:31:06]} 3. d4 {[%clk 1:29:35]} cxd4 {[%clk 1:31:30]} 4. Nxd4
{[%clk 1:30:01]} Nf6 {[%clk 1:31:53]} 5. Nc3 {[%clk 1:30:24]} e5 {[%clk 1:32:08]}
6. Ndb5 {[%clk 1:30:40]} d6 {[%clk 1:32:32]} 7. Nd5 {[%clk 1:30:24]} Nxd5
{[%clk 1:32:54]} 8. exd5 {[%clk 1:30:48]} Nb8 {[%clk 1:33:16]} 9. Qf3
{[%clk 1:30:28]} a6 {[%clk 1:33:13]} 10. Qa3 {[%clk 1:30:34]} Be7
{[%clk 1:33:39]} 11. Bg5 {[%clk 1:30:53]} f6 {[%clk 1:34:03]} 12. Bd2
{[%clk 1:31:09]} O-O {[%clk 1:33:50]} 13. Bb4 {[%clk 1:31:29]} Qd7
{[%clk 1:28:12]} 14. O-O-O {[%clk 1:29:53]} b6 {[%clk 1:21:22]} 15. Bd3
{[%clk 1:30:13]} Rd8 {[%clk 1:15:28]} 16. g4 {[%clk 1:28:48]} g6 {[%clk 0:59:25]}
17. h4 {[%clk 0:58:26]} Bb7 {[%clk 0:53:49]} 18. Nd4 {[%clk 0:57:05]} exd4
{[%clk 0:49:53]} 19. h5 {[%clk 0:57:01]} g5 {[%clk 0:41:16]} 20. Bf5
{[%clk 0:57:13]} Qc7 {[%clk 0:39:11]} 21. Rxd4 {[%clk 0:54:53]} Bc8
{[%clk 0:36:26]} 22. Qe3 {[%clk 0:43:17]} Bxf5 {[%clk 0:29:54]} 23. gxf5
{[%clk 0:43:38]} Bf8 {[%clk 0:27:33]} 24. h6 {[%clk 0:39:22]} Qf7
{[%clk 0:27:30]} 25. Rg4 {[%clk 0:37:59]} Nd7 {[%clk 0:21:47]} 26. f4
{[%clk 0:30:24]} Qxd5 {[%clk 0:20:28]} 27. fxg5 {[%clk 0:26:59]} Qxh1+
{[%clk 0:17:03]} 28. Rg1 {[%clk 0:27:21]} Qd5 {[%clk 0:15:07]} 29. gxf6+
{[%clk 0:27:24]} Kh8 {[%clk 0:14:55]} 30. Bc3 {[%clk 0:24:54]} Ne5
{[%clk 0:14:14]} 31. f7 {[%clk 0:25:14]} Bxh6 {[%clk 0:13:53]} 32. Qxh6
{[%clk 0:25:02]} Qxf7 {[%clk 0:14:12]} 33. Rg6 {[%clk 0:25:19]} Re8
{[%clk 0:12:46]} 34. Rxd6 {[%clk 0:25:31]} Rac8 {[%clk 0:07:59]} 35. Re6
{[%clk 0:22:52]} Rxe6 {[%clk 0:07:23]} 36. fxe6 {[%clk 0:23:13]} Qf1+
{[%clk 0:07:46]} 37. Kd2 {[%clk 0:23:35]} Rd8+ {[%clk 0:08:10]} 38. Ke3
{[%clk 0:23:58]} Qf3# 0-1

[Event "PMPM"]
[Site "Karpacz"]
[Date "2022.12.11"]
[Round "9.4"]
[White "Sowinski, Pawel"]
[Black "Malek, Jan"]
[Result "0-1"]
[BlackElo "2376"]
[WhiteElo "2064"]
[LiveChessVersion "1.4.8"]

1. d4 {[%clk 1:30:58]} Nf6 {[%clk 1:30:53]} 2. c4 {[%clk 1:31:26]} e6
{[%clk 1:31:18]} 3. Nc3 {[%clk 1:31:53]} d5 {[%clk 1:30:45]} 4. cxd5
{[%clk 1:32:16]} Nxd5 {[%clk 1:31:10]} 5. e4 {[%clk 1:32:45]} Nxc3
{[%clk 1:31:32]} 6. bxc3 {[%clk 1:33:09]} c5 {[%clk 1:31:58]} 7. Nf3
{[%clk 1:33:36]} cxd4 {[%clk 1:32:22]} 8. cxd4 {[%clk 1:34:05]} Bb4+
{[%clk 1:32:45]} 9. Bd2 {[%clk 1:34:34]} Bxd2+ {[%clk 1:33:07]} 10. Qxd2
{[%clk 1:35:01]} O-O {[%clk 1:33:25]} 11. Bc4 {[%clk 1:35:29]} Nd7
{[%clk 1:33:47]} 12. O-O {[%clk 1:35:54]} b6 {[%clk 1:34:13]} 13. Rad1
{[%clk 1:36:18]} Bb7 {[%clk 1:34:37]} 14. Rfe1 {[%clk 1:36:27]} Rc8
{[%clk 1:35:02]} 15. Bb3 {[%clk 1:35:13]} h6 {[%clk 1:35:22]} 16. Re3
{[%clk 1:26:36]} Nf6 {[%clk 1:35:37]} 17. d5 {[%clk 1:24:23]} exd5
{[%clk 1:36:00]} 18. e5 {[%clk 1:24:51]} Ne4 {[%clk 1:35:05]} 19. Qe1
{[%clk 1:25:19]} Qe7 {[%clk 1:33:32]} 20. Nd4 {[%clk 1:18:51]} Qg5
{[%clk 1:31:35]} 21. f3 {[%clk 1:17:57]} Nc5 {[%clk 1:31:31]} 22. h4
{[%clk 1:14:39]} Qe7 {[%clk 1:18:29]} 23. Nf5 {[%clk 1:11:06]} Qe6
{[%clk 1:12:32]} 24. Bc2 {[%clk 1:09:27]} Qd7 {[%clk 1:05:08]} 25. Nxh6+
{[%clk 0:48:10]} gxh6 {[%clk 1:04:41]} 26. Qg3+ {[%clk 0:48:39]} Kh8
{[%clk 1:05:10]} 27. Qf4 {[%clk 0:49:08]} Rc6 {[%clk 1:04:35]} 28. e6
{[%clk 0:45:02]} Rxe6 {[%clk 1:04:56]} 29. Rde1 {[%clk 0:45:21]} Qd6
{[%clk 0:56:59]} 30. Qf5 {[%clk 0:43:55]} Rg6 {[%clk 0:57:20]} 31. Re8
{[%clk 0:44:24]} Kg8 {[%clk 0:53:46]} 0-1

[Event "PMPM"]
[Site "Karpacz"]
[Date "2022.12.11"]
[Round "9.5"]
[White "Karolczuk, Iwo"]
[Black "Czernek, Tymon"]
[Result "1-0"]
[BlackElo "2302"]
[WhiteElo "2327"]
[LiveChessVersion "1.4.8"]

1. e4 {[%clk 1:30:25]} c5 {[%clk 1:30:57]} 2. Nc3 {[%clk 1:30:49]} Nc6
{[%clk 1:29:09]} 3. Nge2 {[%clk 1:31:05]} g6 {[%clk 1:28:50]} 4. d4
{[%clk 1:31:03]} cxd4 {[%clk 1:29:07]} 5. Nxd4 {[%clk 1:31:31]} Bg7
{[%clk 1:29:02]} 6. Be3 {[%clk 1:31:55]} d6 {[%clk 1:28:06]} 7. Qd2
{[%clk 1:29:21]} Nf6 {[%clk 1:27:06]} 8. f3 {[%clk 1:29:26]} O-O {[%clk 1:26:46]}
9. O-O-O {[%clk 1:26:47]} d5 {[%clk 1:11:17]} 10. Nxc6 {[%clk 1:13:08]} bxc6
{[%clk 1:11:41]} 11. exd5 {[%clk 1:12:37]} Qa5 {[%clk 1:09:21]} 12. Bc4
{[%clk 1:10:05]} Rd8 {[%clk 1:08:35]} 13. Qe1 {[%clk 0:54:24]} Ba6
{[%clk 0:53:05]} 14. Bb3 {[%clk 0:50:54]} Qc7 {[%clk 0:45:39]} 15. Qg3
{[%clk 0:46:15]} Qb7 {[%clk 0:41:35]} 16. dxc6 {[%clk 0:45:40]} Qxc6
{[%clk 0:42:04]} 17. Rxd8+ {[%clk 0:45:50]} Rxd8 {[%clk 0:42:33]} 18. Rd1
{[%clk 0:45:32]} Rc8 {[%clk 0:40:11]} 19. Qf4 {[%clk 0:44:10]} e6
{[%clk 0:36:56]} 20. Bxa7 {[%clk 0:40:30]} Nh5 {[%clk 0:30:28]} 21. Qd6
{[%clk 0:38:35]} Qb7 {[%clk 0:29:03]} 22. Bd4 {[%clk 0:36:40]} Bf8
{[%clk 0:28:45]} 23. Qb6 {[%clk 0:36:28]} Qa8 {[%clk 0:28:06]} 24. Ne4
{[%clk 0:29:39]} Be2 {[%clk 0:26:12]} 25. Re1 {[%clk 0:28:18]} Bc4
{[%clk 0:26:37]} 26. g4 {[%clk 0:25:23]} Bxb3 {[%clk 0:25:42]} 27. Qxb3
{[%clk 0:25:32]} Rb8 {[%clk 0:25:41]} 28. Qe3 {[%clk 0:21:31]} Qxa2
{[%clk 0:20:54]} 29. gxh5 {[%clk 0:21:13]} Qa1+ {[%clk 0:21:10]} 30. Kd2
{[%clk 0:21:39]} Bb4+ {[%clk 0:21:38]} 31. Nc3 {[%clk 0:20:22]} Qxb2
{[%clk 0:21:45]} 32. Qe5 {[%clk 0:19:57]} Bxc3+ {[%clk 0:22:06]} 33. Bxc3
{[%clk 0:20:23]} Rd8+ {[%clk 0:22:31]} 34. Ke3 {[%clk 0:20:47]} Qb6+
{[%clk 0:22:55]} 35. Bd4 {[%clk 0:21:13]} 1-0

[Event "PMPM"]
[Site "Karpacz"]
[Date "2022.12.11"]
[Round "9.6"]
[White "Kacprzak, Karol"]
[Black "Goluch, Piotr"]
[Result "1/2-1/2"]
[BlackElo "2345"]
[WhiteElo "2226"]
[LiveChessVersion "1.4.8"]

1. e4 {[%clk 1:30:55]} c6 {[%clk 1:30:55]} 2. Nf3 {[%clk 1:30:56]} d5
{[%clk 1:31:10]} 3. Nc3 {[%clk 1:31:05]} Nf6 {[%clk 1:31:23]} 4. e5
{[%clk 1:31:14]} Ne4 {[%clk 1:31:49]} 5. Ne2 {[%clk 1:31:04]} Qb6
{[%clk 1:32:14]} 6. d4 {[%clk 1:31:28]} e6 {[%clk 1:31:48]} 7. Ng3
{[%clk 1:29:53]} Nxg3 {[%clk 1:32:00]} 8. fxg3 {[%clk 1:28:47]} c5
{[%clk 1:32:26]} 9. Bd3 {[%clk 1:28:03]} h6 {[%clk 1:24:54]} 10. O-O
{[%clk 1:26:59]} Nc6 {[%clk 1:25:17]} 11. a3 {[%clk 1:24:17]} Bd7
{[%clk 1:24:15]} 12. Kh1 {[%clk 1:20:52]} c4 {[%clk 1:22:08]} 13. Be2
{[%clk 1:21:14]} O-O-O {[%clk 1:22:34]} 14. Ra2 {[%clk 0:59:36]} Be7
{[%clk 1:21:24]} 15. Be3 {[%clk 0:57:01]} f5 {[%clk 1:20:48]} 16. exf6
{[%clk 0:43:10]} Bxf6 {[%clk 1:20:42]} 17. Qd2 {[%clk 0:40:44]} Qa5
{[%clk 1:21:02]} 18. c3 {[%clk 0:39:12]} Rhe8 {[%clk 1:17:32]} 19. Raa1
{[%clk 0:35:54]} Kb8 {[%clk 1:02:40]} 20. Rae1 {[%clk 0:34:02]} Ka8
{[%clk 1:03:05]} 21. Bd1 {[%clk 0:32:33]} Bc8 {[%clk 1:02:02]} 22. Bf4
{[%clk 0:30:24]} g5 {[%clk 1:02:02]} 23. Be5 {[%clk 0:30:42]} Bxe5
{[%clk 1:02:27]} 24. Nxe5 {[%clk 0:30:54]} Nxe5 {[%clk 1:02:53]} 25. Rxe5
{[%clk 0:31:02]} Rf8 {[%clk 1:03:18]} 26. Rfe1 {[%clk 0:26:40]} Rf6
{[%clk 1:03:30]} 27. Bf3 {[%clk 0:24:32]} Rdf8 {[%clk 1:03:17]} 28. h3
{[%clk 0:24:39]} a6 {[%clk 1:02:47]} 29. R1e3 {[%clk 0:22:43]} Qb6
{[%clk 1:02:57]} 30. Kg1 {[%clk 0:20:27]} Bd7 {[%clk 1:02:39]} 31. Re2
{[%clk 0:19:20]} Rf5 {[%clk 1:01:24]} 32. Kh2 {[%clk 0:10:19]} Rxe5
{[%clk 1:00:27]} 33. Rxe5 {[%clk 0:10:42]} Rf6 {[%clk 0:59:37]} 34. Qe2
{[%clk 0:10:16]} Qd8 {[%clk 0:57:27]} 35. Bg4 {[%clk 0:09:36]} Qg8
{[%clk 0:57:42]} 36. Bf3 {[%clk 0:07:04]} Ka7 {[%clk 0:56:30]} 37. Qd1
{[%clk 0:06:21]} Qg6 {[%clk 0:52:01]} 38. Re3 {[%clk 0:05:59]} Qg8
{[%clk 0:49:26]} 39. Qe1 {[%clk 0:03:44]} Qg6 {[%clk 0:48:52]} 40. Qd1
{[%clk 0:31:46]} Qg8 {[%clk 1:19:04]} 41. Re1 {[%clk 0:28:05]} Qf8
{[%clk 1:13:34]} 42. Qc2 {[%clk 0:26:17]} Be8 {[%clk 1:12:51]} 43. Re5
{[%clk 0:25:55]} Bg6 {[%clk 1:11:12]} 44. Qe2 {[%clk 0:25:25]} Qf7
{[%clk 1:06:43]} 45. Qe3 {[%clk 0:24:18]} Bf5 {[%clk 1:06:32]} 46. Qe2
{[%clk 0:22:11]} 1/2-1/2

[Event "PMPM"]
[Site "Karpacz"]
[Date "2022.12.11"]
[Round "9.7"]
[White "Swicarz, Maciej"]
[Black "Kacprzak, Kacper"]
[Result "1/2-1/2"]
[BlackElo "2289"]
[WhiteElo "2295"]
[LiveChessVersion "1.4.8"]

1. c4 {[%clk 1:30:56]} e5 {[%clk 1:30:56]} 2. d3 {[%clk 1:31:05]} Nf6
{[%clk 1:31:22]} 3. Nf3 {[%clk 1:31:19]} Nc6 {[%clk 1:31:45]} 4. a3
{[%clk 1:30:12]} d5 {[%clk 1:26:00]} 5. cxd5 {[%clk 1:30:35]} Nxd5
{[%clk 1:26:27]} 6. e4 {[%clk 1:30:33]} Nf6 {[%clk 1:26:53]} 7. Be2
{[%clk 1:28:50]} Bg4 {[%clk 1:23:53]} 8. Be3 {[%clk 1:29:17]} Bxf3
{[%clk 1:23:47]} 9. Bxf3 {[%clk 1:29:41]} Nd4 {[%clk 1:24:02]} 10. Nd2
{[%clk 1:25:26]} c6 {[%clk 1:17:58]} 11. Rc1 {[%clk 1:23:52]} Be7
{[%clk 1:15:19]} 12. O-O {[%clk 1:21:34]} O-O {[%clk 1:14:23]} 13. Rc3
{[%clk 1:14:06]} Re8 {[%clk 1:11:09]} 14. Qc1 {[%clk 1:10:35]} a5
{[%clk 1:08:55]} 15. Bxd4 {[%clk 1:08:07]} Qxd4 {[%clk 1:07:47]} 16. Bd1
{[%clk 1:08:26]} Nd7 {[%clk 1:05:01]} 17. Nb3 {[%clk 1:04:12]} Qd6
{[%clk 0:57:51]} 18. Bg4 {[%clk 0:57:02]} a4 {[%clk 0:56:43]} 19. Bxd7
{[%clk 0:55:50]} Qxd7 {[%clk 0:57:09]} 20. Nd2 {[%clk 0:53:47]} Bd8
{[%clk 0:49:49]} 21. Nc4 {[%clk 0:46:51]} b5 {[%clk 0:46:19]} 22. Ne3
{[%clk 0:47:05]} Rc8 {[%clk 0:46:32]} 23. Rd1 {[%clk 0:46:49]} Ba5
{[%clk 0:45:47]} 24. Rc2 {[%clk 0:46:23]} Bb6 {[%clk 0:37:45]} 25. Nf5
{[%clk 0:44:36]} g6 {[%clk 0:33:49]} 26. Qg5 {[%clk 0:41:58]} f6 {[%clk 0:31:38]}
27. Nh6+ {[%clk 0:39:56]} Kg7 {[%clk 0:32:04]} 28. Qh4 {[%clk 0:40:08]} Qe6
{[%clk 0:30:55]} 29. Ng4 {[%clk 0:37:56]} h5 {[%clk 0:31:01]} 30. Ne3
{[%clk 0:38:11]} Red8 {[%clk 0:29:03]} 31. Qg3 {[%clk 0:35:40]} Kf7
{[%clk 0:28:31]} 32. Qf3 {[%clk 0:35:07]} Rd6 {[%clk 0:26:43]} 33. h3
{[%clk 0:34:37]} Qb3 {[%clk 0:23:59]} 34. Qe2 {[%clk 0:24:35]} Rcd8
{[%clk 0:14:08]} 35. Rc3 {[%clk 0:22:55]} Qe6 {[%clk 0:13:45]} 36. Rdc1
{[%clk 0:21:47]} R8d7 {[%clk 0:13:29]} 37. Nf1 {[%clk 0:15:29]} Ba5
{[%clk 0:11:57]} 38. R3c2 {[%clk 0:15:46]} Qb3 {[%clk 0:07:44]} 39. Rxc6
{[%clk 0:10:15]} Rxc6 {[%clk 0:08:06]} 40. Rxc6 {[%clk 0:40:32]} Qxd3
{[%clk 0:38:19]} 41. Qxd3 {[%clk 0:38:01]} Rxd3 {[%clk 0:38:43]} 42. Rc5
{[%clk 0:37:37]} Rb3 {[%clk 0:38:09]} 43. Rc2 {[%clk 0:37:44]} b4
{[%clk 0:24:17]} 44. axb4 {[%clk 0:37:06]} Rxb4 {[%clk 0:24:43]} 45. Nd2
{[%clk 0:35:47]} Rd4 {[%clk 0:22:33]} 46. Nc4 {[%clk 0:35:20]} Rd1+
{[%clk 0:18:25]} 47. Kh2 {[%clk 0:35:44]} Bd8 {[%clk 0:16:47]} 48. Kg3
{[%clk 0:35:39]} Be7 {[%clk 0:16:23]} 49. Kf3 {[%clk 0:35:29]} Ke6
{[%clk 0:14:49]} 50. Ke2 {[%clk 0:32:54]} Rg1 {[%clk 0:15:14]} 51. Nb6
{[%clk 0:28:05]} Ra1 {[%clk 0:11:29]} 52. Rc6+ {[%clk 0:27:41]} Kf7
{[%clk 0:11:49]} 53. Nd5 {[%clk 0:26:01]} a3 {[%clk 0:09:45]} 54. b4
{[%clk 0:18:29]} Rb1 {[%clk 0:08:41]} 55. Rc7 {[%clk 0:08:50]} a2
{[%clk 0:08:39]} 56. Rxe7+ {[%clk 0:09:16]} Kf8 {[%clk 0:09:04]} 57. Ra7
{[%clk 0:09:39]} a1=Q {[%clk 0:09:29]} 58. Rxa1 {[%clk 0:10:02]} Rxa1
{[%clk 0:09:57]} 59. Nxf6 {[%clk 0:10:21]} 1/2-1/2

[Event "PMPM"]
[Site "Karpacz"]
[Date "2022.12.11"]
[Round "9.8"]
[White "Cukrowski, Filip"]
[Black "Sabuk, Piotr"]
[Result "0-1"]
[BlackElo "2430"]
[WhiteElo "2402"]
[LiveChessVersion "1.4.8"]

1. d4 {[%clk 1:22:48]} Nf6 {[%clk 1:28:05]} 2. Nf3 {[%clk 1:22:47]} e6 3. c4
{[%clk 1:23:06]} b6 {[%clk 1:21:00]} 4. g3 {[%clk 1:22:47]} Ba6 {[%clk 1:21:06]}
5. Qc2 {[%clk 1:22:54]} Bb7 {[%clk 1:20:10]} 6. Bg2 {[%clk 1:22:06]} c5
{[%clk 1:19:39]} 7. d5 {[%clk 1:22:29]} exd5 {[%clk 1:19:18]} 8. cxd5
{[%clk 1:22:57]} Nxd5 {[%clk 1:19:37]} 9. O-O {[%clk 1:23:19]} Nc6
{[%clk 1:17:52]} 10. Rd1 {[%clk 1:22:14]} Be7 {[%clk 1:16:30]} 11. Qf5
{[%clk 1:19:24]} Nf6 {[%clk 1:15:46]} 12. e4 {[%clk 1:19:22]} g6 {[%clk 1:13:42]}
13. Qf4 {[%clk 1:18:01]} O-O {[%clk 1:11:49]} 14. e5 {[%clk 1:16:54]} Nh5
{[%clk 1:11:59]} 15. Qc4 {[%clk 1:09:47]} Qc7 {[%clk 1:02:04]} 16. Nc3
{[%clk 1:05:10]} Nxe5 {[%clk 1:00:24]} 17. Nxe5 {[%clk 1:04:53]} Bxg2
{[%clk 1:00:24]} 18. Bh6 {[%clk 0:15:47]} d5 {[%clk 0:51:00]} 19. Qe2
{[%clk 0:14:59]} Be4 {[%clk 0:16:50]} 20. Bxf8 {[%clk 0:13:18]} Bxf8
{[%clk 0:16:16]} 21. f3 {[%clk 0:12:53]} Qxe5 {[%clk 0:15:53]} 22. fxe4
{[%clk 0:10:36]} d4 {[%clk 0:16:06]} 23. Nd5 {[%clk 0:10:58]} Re8
{[%clk 0:14:19]} 24. Re1 {[%clk 0:06:49]} Bg7 {[%clk 0:13:05]} 25. Qf3
{[%clk 0:06:55]} Nf6 {[%clk 0:11:11]} 26. Rf1 {[%clk 0:05:56]} Re6
{[%clk 0:11:10]} 27. Rae1 {[%clk 0:05:28]} h5 {[%clk 0:10:18]} 28. b3
{[%clk 0:04:02]} Rc6 {[%clk 0:07:11]} 29. h3 {[%clk 0:03:20]} b5 {[%clk 0:06:26]}
30. Qf4 {[%clk 0:02:11]} Qxf4 {[%clk 0:03:22]} 31. Nxf4 {[%clk 0:02:40]} Nd7
{[%clk 0:03:17]} 32. Nd5 {[%clk 0:02:57]} Kf8 {[%clk 0:03:25]} 33. Kf2
{[%clk 0:01:26]} Be5 {[%clk 0:03:11]} 34. g4 {[%clk 0:01:36]} h4 {[%clk 0:03:25]}
35. Ke2 {[%clk 0:01:22]} Ra6 {[%clk 0:03:16]} 36. a4 {[%clk 0:01:40]} bxa4
{[%clk 0:01:56]} 37. Kd3 {[%clk 0:01:39]} axb3 {[%clk 0:01:13]} 38. Ra1
{[%clk 0:01:54]} Rc6 {[%clk 0:01:15]} 39. Kc4 {[%clk 0:01:58]} a6
{[%clk 0:01:13]} 40. Rab1 {[%clk 0:31:00]} Bd6 {[%clk 0:30:43]} 41. Kxb3
{[%clk 0:28:25]} c4+ {[%clk 0:27:51]} 42. Kc2 {[%clk 0:28:53]} Nc5
{[%clk 0:25:03]} 43. Rfe1 {[%clk 0:06:24]} Be5 {[%clk 0:19:02]} 44. Rec1
{[%clk 0:01:41]} Nxe4 {[%clk 0:16:08]} 45. Rb6 {[%clk 0:01:03]} d3+
{[%clk 0:15:48]} 46. Kb1 {[%clk 0:01:08]} Rc5 {[%clk 0:14:43]} 47. Ne3
{[%clk 0:00:32]} Nd2+ {[%clk 0:14:47]} 48. Ka2 {[%clk 0:00:56]} Ra5#
{[%clk 0:15:12]} 0-1

[Event "PMPM"]
[Site "Karpacz"]
[Date "2022.12.11"]
[Round "9.9"]
[White "Luberanski, Jakub"]
[Black "Golis, Wiktor"]
[Result "1/2-1/2"]
[BlackElo "1795"]
[WhiteElo "2243"]
[LiveChessVersion "1.4.8"]

1. Nf3 {[%clk 1:30:57]} d5 {[%clk 1:30:50]} 2. b3 {[%clk 1:31:17]} c5
{[%clk 1:30:41]} 3. e3 {[%clk 1:31:42]} Nc6 {[%clk 1:30:08]} 4. Bb2
{[%clk 1:32:01]} e6 {[%clk 1:30:28]} 5. Bb5 {[%clk 1:32:04]} Qc7 {[%clk 1:29:10]}
6. Ne5 {[%clk 1:31:52]} Nge7 {[%clk 1:29:01]} 7. Qh5 {[%clk 1:28:05]} Ng8
{[%clk 1:23:28]} 8. f4 {[%clk 1:26:53]} a6 {[%clk 1:19:24]} 9. Bxc6+
{[%clk 1:26:22]} bxc6 {[%clk 1:19:51]} 10. O-O {[%clk 1:26:42]} Nf6
{[%clk 1:15:31]} 11. Qf3 {[%clk 1:25:47]} Be7 {[%clk 1:11:43]} 12. g4
{[%clk 1:23:06]} O-O {[%clk 1:09:40]} 13. g5 {[%clk 1:21:50]} Nd7
{[%clk 1:09:47]} 14. Qh5 {[%clk 1:19:51]} Nxe5 {[%clk 1:08:33]} 15. Bxe5
{[%clk 1:13:13]} Bd6 {[%clk 1:00:29]} 16. Bb2 {[%clk 1:04:07]} d4
{[%clk 0:51:15]} 17. Na3 {[%clk 1:02:24]} e5 {[%clk 0:45:23]} 18. fxe5
{[%clk 0:55:25]} Bxe5 {[%clk 0:43:38]} 19. Nc4 {[%clk 0:55:48]} g6
{[%clk 0:34:29]} 20. Qh4 {[%clk 0:54:56]} Bg7 {[%clk 0:31:43]} 21. exd4
{[%clk 0:54:21]} Rd8 {[%clk 0:29:47]} 22. dxc5 {[%clk 0:45:23]} Bxb2
{[%clk 0:30:07]} 23. Nxb2 {[%clk 0:45:51]} Rxd2 {[%clk 0:30:10]} 24. Nc4
{[%clk 0:46:18]} Rxc2 {[%clk 0:28:17]} 25. Nd6 {[%clk 0:46:43]} Be6
{[%clk 0:27:35]} 26. Rae1 {[%clk 0:34:53]} Bd5 {[%clk 0:22:38]} 27. Rf2
{[%clk 0:35:03]} Rxf2 {[%clk 0:21:31]} 28. Qxf2 {[%clk 0:34:44]} Qd7
{[%clk 0:21:29]} 29. Qf4 {[%clk 0:34:11]} Qh3 {[%clk 0:19:03]} 30. Qg3
{[%clk 0:34:18]} Qd7 {[%clk 0:17:16]} 31. Kf2 {[%clk 0:30:02]} a5
{[%clk 0:16:27]} 32. Qh4 {[%clk 0:30:01]} Qa7 {[%clk 0:12:26]} 33. Qd4
{[%clk 0:30:15]} Qd7 {[%clk 0:12:15]} 34. Kg3 {[%clk 0:30:30]} Rb8
{[%clk 0:07:17]} 35. Qf6 {[%clk 0:28:47]} Be6 {[%clk 0:06:38]} 36. Qe5
{[%clk 0:28:11]} Rb4 {[%clk 0:06:00]} 37. Re4 {[%clk 0:27:25]} Rxe4
{[%clk 0:04:58]} 38. Qxe4 {[%clk 0:27:50]} Qe7 {[%clk 0:03:25]} 39. Qe5
{[%clk 0:27:06]} Qc7 {[%clk 0:02:06]} 40. Kf4 {[%clk 0:53:51]} a4
{[%clk 0:31:41]} 41. Ne4 {[%clk 0:45:50]} Qxe5+ {[%clk 0:29:15]} 42. Kxe5
{[%clk 0:45:02]} axb3 {[%clk 0:29:38]} 43. axb3 {[%clk 0:45:29]} Bxb3
{[%clk 0:30:01]} 44. Kd6 {[%clk 0:45:55]} h6 {[%clk 0:24:47]} 45. gxh6
{[%clk 0:42:11]} f5 {[%clk 0:25:08]} 46. Nf6+ {[%clk 0:26:41]} Kf7
{[%clk 0:24:26]} 47. h7 {[%clk 0:27:07]} Kg7 {[%clk 0:24:51]} 48. Kxc6
{[%clk 0:25:29]} f4 {[%clk 0:24:51]} 49. Kd6 {[%clk 0:25:48]} f3 {[%clk 0:24:02]}
50. Ng4 {[%clk 0:24:34]} Kxh7 {[%clk 0:21:02]} 51. Ke5 {[%clk 0:18:08]} Ba4
{[%clk 0:19:34]} 52. Kf4 {[%clk 0:18:10]} Bc6 {[%clk 0:17:04]} 53. Ke3
{[%clk 0:18:32]} Kg7 {[%clk 0:15:50]} 54. Ne5 {[%clk 0:18:58]} Ba8
{[%clk 0:15:19]} 55. c6 {[%clk 0:17:47]} Kf6 {[%clk 0:14:06]} 56. c7
{[%clk 0:18:11]} Bb7 {[%clk 0:14:32]} 57. Nc4 {[%clk 0:14:32]} Ke6
{[%clk 0:14:27]} 58. Nb6 {[%clk 0:09:59]} Kf5 {[%clk 0:14:02]} 59. Nd7
{[%clk 0:10:24]} Bc8 {[%clk 0:12:28]} 60. Nb6 {[%clk 0:09:11]} Bb7
{[%clk 0:12:50]} 61. Kf2 {[%clk 0:07:14]} Kg4 {[%clk 0:12:15]} 62. Nc4
{[%clk 0:06:35]} g5 {[%clk 0:06:50]} 63. Nd6 {[%clk 0:05:52]} Ba6
{[%clk 0:07:11]} 64. Ne4 {[%clk 0:05:18]} Bb7 {[%clk 0:07:02]} 65. Nd2
{[%clk 0:05:15]} Kh3 {[%clk 0:06:35]} 66. Nxf3 {[%clk 0:04:09]} g4
{[%clk 0:06:58]} 67. Ne5 {[%clk 0:04:32]} Bc8 {[%clk 0:06:47]} 68. Kg1
{[%clk 0:04:23]} g3 {[%clk 0:07:10]} 69. hxg3 {[%clk 0:04:34]} Kxg3
{[%clk 0:07:37]} 70. Kf1 {[%clk 0:04:42]} Kf4 {[%clk 0:07:53]} 71. Nf7
{[%clk 0:04:54]} Ba6+ {[%clk 0:07:58]} 72. Kf2 {[%clk 0:05:22]} Kf5
{[%clk 0:08:21]} 73. Ke3 {[%clk 0:05:25]} Ke5 74. Ke4+ 1/2-1/2